| 000 | 02725nam a2200325 a 4500 | ||
|---|---|---|---|
| 001 | |||
| 003 | DO-SdBNP | ||
| 005 | 20220930084823.0 | ||
| 008 | 090827s2005 dr 001 0 spa d | ||
| 020 | _a9993423920 | ||
| 040 |
_aDO-SdBNP _bspa _cBPMSU |
||
| 041 | 1 | 7 |
_aspa _heng |
| 082 | 4 |
_a370.98 _bV162e 2005 _222 |
|
| 100 | 1 | _aValera Acosta, Cheila | |
| 245 | 1 | 0 |
_aEstudio para la ciudadanía en el Caribe : _b estudio sobre política curricular y de formación docente en Cuba, Haití y República Dominicana = Education for citizenship in The Caribbean : a study on curricular policy and teacher training in Cuba, Haiti and Dominican Republic / _c Cheila Valera Acosta _6 |
| 246 | 1 | 3 | _aEducation for citizenship in The Caribbean : a study on curricular policy and teacher training in Cuba, Haiti and Dominican Republic |
| 246 | 1 | 3 | _aEstudio para la ciudadanía en el Caribe |
| 260 |
_aSanto Domingo : _bOficina Internacional de Educación, _c2005. |
||
| 300 |
_a85, 77 p. ; _c23 cm. |
||
| 505 | 0 | _aPresentación 7 -- Resumen ejecutivo 9 -- ASPECTOS METODOLOGICOS 13 -- CONTEXTO Y REVISION DE LA LITERATURA 15 -- Contexto 15 -- Revisión de la literatura 19 -- Breve descripción de los sistemas educativos 24 -- DESCRIPCION DE LAS POLITICAS EDUCATIVAS RELACIONADAS CON LA EDUCACION PARA LA CIUDADANIA 29 -- Bases legales 29 -- Políticas curriculares 30 -- Políticas curriculares en Cuba 30 -- Políticas curriculares en Haití 36 -- Políticas curriculares en la República Dominicana 46 -- Formación docente relacionada con la educación para la ciudadanía 51 -- Formación docente en Cuba 51 -- Formación docente en Haití 52 -- Formación docente en la República Dominicana 55 -- MEDIDAS GUBERNAMENTALES PARA APOYAR LAS POLITICAS 59 -- Disposiciones del gobierno de Cuba 59 -- Disposiciones del gobierno de Haití 60 -- Disposiciones del gobierno de República Dominicana 62 -- VISION DE LOS ACTORES INVOLUCRADOS 69 -- CONCLUSIONES Y RECOMENDACIONES 77 -- Conclusiones 77 -- Recomendaciones para mejorar la formación docente en lo relacionado con la educación para la ciudadanía 78 -- BIBLIOGRAFIA 83 -- Bibliografía de Cuba 83 -- Bibliografía de Haití 84 -- Bibliografía de la República Dominicana 85 | |
| 563 | _aDos obras encuadernadas juntas con paginación continua | ||
| 590 | _6Inventariado, 2022/VM | ||
| 650 | 4 |
_aEducación _zCaribe (Región) |
|
| 650 | 4 |
_aPolítica educativa _zCaribe (Región, República Dominicana) |
|
| 650 | 4 |
_aEducación _xAspectos demográficos _zCaribe (Región, República Dominicana) |
|
| 651 | 4 |
_aCaribe (Región) _xCondiciones sociales |
|
| 710 | 2 | _aFalcutad Latinoamericana de Ciencias Sociales (Flasco) | |
| 910 | _aVMateo V. /Validado | ||
| 942 |
_2ddc _cBK |
||
| 999 |
_c14285 _d14285 |
||